| 000 | 00523nam a2200169Ia 4500 | ||
|---|---|---|---|
| 008 | 090711s9999 xx 000 0 und d | ||
| 082 | _b70095 | ||
| 100 | _aखरे सुरेश | ||
| 245 | _aस्वर जुळता गीत तुटे | ||
| 260 | _c1969 | ||
| 300 | _a80 | ||
| 600 | _aखरे सुरेश | ||
| 630 | _aस्वर जुळता गीत तुटे | ||
| 700 | _aखरे सुरेश | ||
| 730 | _aस्वर जुळता गीत तुटे | ||
| 942 | _cBOOK | ||
| 999 |
_c307329 _d307329 |
||